| 000 | 01411nam a2200373 i 4500 | ||
|---|---|---|---|
| 003 | DO-SdBNP | ||
| 005 | 20250910143441.0 | ||
| 006 | a||||gr|||| 00| 0 | ||
| 007 | ta | ||
| 008 | 230627t1997 dr ||||| |||| 00| 0 spa d | ||
| 020 | _a8489953023 | ||
| 040 |
_aDO-SdBNP _bspa _cBNPHU _erda |
||
| 041 | _hspa | ||
| 041 | _heng | ||
| 041 | _hfr | ||
| 082 | 4 |
_axxx _bA347p _222 |
|
| 100 | 1 |
_aAlcántara Almánzar, José _d1946- _eautor _97018 |
|
| 245 | 1 | 0 |
_aPanorama sociocultural de la República Dominicana. / _cJosé Alcántara Almánzar, Rafael Bello Peguero, editor; traducciones al inglés y al francés, Ivonne Belion y Agnes Bonefaes; ilustración de la portada, Yoryi Morel |
| 264 | 4 |
_aSanto Domingo : _bAmigo del Hogar, _c1997 |
|
| 300 |
_a100 páginas ; _c20 cm |
||
| 336 |
_2rdaconten _atexto _btxt |
||
| 337 |
_2rdamedia _asin medición _bn |
||
| 338 |
_2rdacarrier _avolumen _bnc |
||
| 500 | _aIncluye datos biográficos del autor en las solapas de las cubiertas | ||
| 500 | _aYoryi Morel: Paisaje Campestre, 1970 | ||
| 546 | _aLibro en 3 idiomas español, inglés y francés | ||
| 590 | _aInventariado 2023 / MF | ||
| 700 | 1 |
_aBello Peguero, Rafael, _d1932-2022 _eeditor _92405 |
|
| 700 | 1 |
_aBelion, Ivonne, _etraducciones _983613 |
|
| 700 | 1 |
_aBonefaes, Agnes, _etraducciones _983614 |
|
| 700 | 1 |
_958525 _aMorel, Yoryi, _d1906-1979 _eilustración portada |
|
| 910 | _aMF | ||
| 942 |
_2ddc _cLBS1 |
||
| 999 |
_c53973 _d53973 |
||